• 首页
  • 本馆介绍
  • 公告通知
  • 最新文献
  • 馆藏检索
  • 电子资源
  • 读者导购
  • 参考咨询
  • 我的图书馆
  • 登录
  • 详细信息显示
  • 放入我的书架
  • 预约/预借图书
  • 作者相关作品
  • 分类相关作品
  • 丛书相关作品
  • 出版社相关作品

书目信息

  • 表格格式
  • 工作单格式
  • 卡片格式
题名:
巴西近代史
    
 
作者: 贝洛 著 ;辽宁大学外语系翻译组 译
分册: 上册  
出版信息: 沈阳   辽宁人民出版社  1976
页数: 356页
开本: 20cm
丛书名:
单 册:
中图分类: K777.4
科图分类:
主题词: 近代史--巴西
电子资源:
ISBN:
000 00702nam0 2200241 45
001 0176001516
005 20061115083733.54
010    @dCNY2.50(二册)
100    @a19951019d1976 em y0chiy0121 ea
101 1  @achi@cpor
102    @aCN@b210000
105    @ay z 000yy
200 10 @a巴西近代史@Aba xi jin dai shi@h上册@f(巴西)M.贝洛著@g辽宁大学外语系翻译组译
210    @a沈阳@c辽宁人民出版社@d1976
215    @a356页@d20cm
606    @a近代史@y巴西
607    @a巴西@x近代史
690    @aK777.4@v3
701  1 @a贝洛@Abei luo@bM.@4著
712 02 @a辽宁大学外语系翻译组@Aliao ning da xue wai yu xi fan yi zu@4译
801  2 @aCN@bNLC@c20061115
801  0 @aCN@bTSSF
905    @a10447@dK777.4@e3:1
    
    巴西近代史.上册/(巴西)M.贝洛著/辽宁大学外语系翻译组译.-沈阳:辽宁人民出版社,1976
    356页;20cm
    
    
    ISBN :CNY2.50(二册)
    
●
相关链接 在E读中查询图书 在五车中查询图书 在当当中查询图书 在豆瓣中查询图书


正题名:巴西近代史     索取号:K777.4/3:1         预约/预借

序号 登录号 条形码 馆藏地/架位号 状态 备注
1 0218867   001413562   第二样本阅览室/ [索取号:K777.4/3:1] 在馆    
唐山师范学院图书馆 欢迎您!
大连网信软件有限公司© 版权所有